MC Virgins Members Quiz - Statistics

General Stats
  • This quiz has been taken 27 times
  • The average score is 5 of 5
Answer Stats
Answer % Correct
MC God
100%
MC Gibby
95%
MC Prophet
95%
MC Wasian
95%
MC Kudge
86%
No matching quizzes found
Score Distribution
Percent of People with Each Score
Percentile by Number Answered
Your Score History
You have not taken this quiz